Liczby 1 - 100 w minutę - Statystyki

Ogólne statystyki
  • Ten quiz został rozwiązany 1 196 razy
  • Średni wynik to 68 z 100
Statystyki odpowiedzi
Liczba % Poprawnych
1
100%
2
99%
3
99%
4
99%
5
99%
6
98%
7
98%
8
98%
9
98%
10
97%
11
95%
12
95%
13
95%
14
95%
15
95%
16
94%
17
94%
18
94%
20
93%
21
93%
19
92%
22
92%
23
92%
24
92%
25
91%
26
91%
27
90%
28
89%
29
89%
30
89%
31
88%
32
88%
33
87%
34
87%
35
85%
36
84%
37
84%
38
84%
39
83%
40
81%
42
81%
41
80%
44
80%
43
79%
45
79%
46
77%
47
76%
48
76%
49
75%
50
75%
55
74%
51
73%
52
73%
53
71%
54
71%
56
70%
57
67%
58
66%
59
65%
60
65%
62
61%
61
60%
66
60%
63
59%
64
59%
67
59%
65
58%
68
53%
69
52%
70
52%
71
50%
72
49%
77
49%
73
48%
74
48%
75
47%
78
47%
76
46%
79
43%
80
43%
81
41%
82
39%
83
39%
88
38%
84
37%
87
36%
85
34%
86
33%
90
33%
89
32%
99
31%
91
30%
92
30%
93
29%
94
29%
100
27%
95
26%
96
26%
97
26%
98
26%
Nie znaleziono quizów pasujących do podanych kryteriów
Rozkład punktacji
Procent ludzi z każdym wynikiem
Percentyl według liczby udzielonych odpowiedzi
Twoja historia wyników
Nie rozwiązałeś tego quizu